Statistics for Alec Benjamin-If I killed someone for you

Click here to take the quiz!

General Stats

  • This quiz has been taken 223 times
  • The average score is 79 of 100

Answer Stats

No.AnswerNo.AnswerNo.AnswerNo.Answer% Correct
17I117for217wouldn't317you
99%
3I103hold203you303was
99%
65I165disguise265when365when
99%
34I134me234love334me
99%
72I172to272would372would
99%
28I128on228me328no
99%
77I177eyes277my377my
99%
12I112used212let312followed
99%
21I121turn221I321that
99%
96I196a296I
99%
71so171doorstep271loose371loose
98%
83so183me283'cause383'cause
98%
69for169at269on369on
92%
99for199hide299me
92%
9on109ones209me309to
92%
100you200I've300changing
91%
91you191I'm291to
91%
97killed197place297killed
90%
10my110that210inside?310be
90%
15my115killed215no315did
90%
57my157lights257someone357someone
90%
46my146for246my346hand
90%
24my124when224understand324happy
90%
36my136my236more336if
90%
52the152coming252that352I
90%
63the163wearing263me363me
90%
30the130loose?230the330back
90%
6the106they're206you306you
90%
93me193said293that
88%
98someone198to298is
88%
7blood107the207please307wanted
87%
40a140the240someone340for
85%
66did166I266they366they
85%
4did104my204something304to
85%
11hands111I211just311I
85%
8is108same208let308me
85%
90would190see290have
85%
95If195need295one
84%
60I'm160through260would360would
83%
54I'm154see254used354when
83%
43I'm143I243would343you
83%
49I'm149hear249the349same
83%
2that102you202ask302I
83%
5this105hand?205could305what
83%
92love192running?292understand
81%
1sorry101would201gotta301what
81%
22am122me222know322makes
79%
18don't118you218tell318ask
78%
78don't178I278face378face
78%
39be139on239killed339someone
77%
79know179tell279is379is
77%
19know119would219you319I
77%
94more194I294the
77%
75at175in275me375me
76%
14at114I214explain314direction
76%
38I'll138is238I338killed
76%
32I'll132you232would332you
76%
84I'll184but284I384I
76%
26in126say226you326there's
76%
20who120you220lies320hope
76%
41better141news?241for341you
73%
86her186doesn't286someone386someone
73%
70her170her270the370the
73%
42man142'cause242you342would
73%
16reflection116someone216I316everything
73%
48and148I248they're348the
72%
59and159driving259you359you
72%
33say133hide233you333love
72%
82say182it's282news382news
72%
13stare113when213me313your
72%
87when187recognize287for387for
72%
23practice123in223you'll323you
71%
25confession125they225if325'cause
70%
68all168up268I'm368I'm
69%
76all176the276when376when
69%
44packing144killed244you344hold
69%
47things147you247hand347there
69%
80what180her280on380on
69%
88she188can't288you388you
68%
85ask185she285killed385killed
67%
37lesson137face237if337I
67%
31stand131would231night331would
67%
29take129the229stay329turning
67%
27case127I'm227let327just
66%
67it167show267say367say
66%
89calls189you289you389yeah
65%
35learned135when235me335more
65%
45up145someone245hold345my
65%
51down151sirens251ones351that
64%
74nothing174her274hide374hide
64%
81she'll181that281the381the
63%
61walking161the261you361you
62%
73ffelt173look273you373you
61%
53walls153I253I353used
61%
62through162suburbs262turn362turn
60%
50wiping150the250same350ones
60%
58clothes158I'm258for358for
59%
64halls164my264in364in
58%
56off156flashing256killed356killed
56%
55rinsing155the255when355I
54%

Score Distribution

Percentile by Number Answered

Percent of People with Each Score

Your Score History

You have not taken this quiz